000
00234nam a2200097Ia 4500
001
640761
005
20250826153453.0
008
250824s9999 xx 000 0 und d
245
0
_a
BİLGİN KİVİ
_c
ROBERT ALLEN
260
_b
GENÇ TİMAŞ
999
_c
640761
_d
640761